| 000 | 00611nam a2200217 a 4500 | ||
|---|---|---|---|
| 001 | BRCA_2805 | ||
| 005 | 20190320203958.0 | ||
| 008 | 081208s1961----nyua---###---#000-0#eng-u | ||
| 050 | 4 |
_aN7343.5 _b.B87 1961 |
|
| 100 | 1 |
_aBurling, Judith _97876 |
|
| 245 | 1 | 0 |
_aChinese art _cJudith and Arthur Hart Burling. |
| 260 |
_aNew York _bBonanza Books _c1961 |
||
| 300 |
_a384 p. _bil. _c25 cm. |
||
| 500 | _aIncluye lista de ilustraciones | ||
| 500 | _aAA102 | ||
| 504 | _aBibliografía: p. 364-374 | ||
| 650 | 1 | 4 |
_aArte chino _97252 |
| 700 | 1 |
_aBurling, Arthur Hart _ecoaut. _97877 |
|
| 902 | _aGFM | ||
| 942 |
_2lcc _cB |
||
| 999 |
_c2545 _d2545 |
||